| 000 | 01664nam a2200385 a 4500 | ||
|---|---|---|---|
| 001 | ebr10683055 | ||
| 003 | CaPaEBR | ||
| 006 | m u | ||
| 007 | cr cn||||||||| | ||
| 008 | 110203s2011 nyuad sb 001 0 eng d | ||
| 010 | _z 2011003975 | ||
| 020 | _z9781612094489 (hbk. : alk. paper) | ||
| 020 | _z9781622571253 (e-book) | ||
| 040 |
_aCaPaEBR _cCaPaEBR |
||
| 035 | _a(OCoLC)839305474 | ||
| 043 | _an-us--- | ||
| 050 | 1 | 4 |
_aHC106.84 _b.U17 2011eb |
| 082 | 0 | 4 |
_a320.60973 _222 |
| 245 | 0 | 0 |
_aU.S. political programs _h[electronic resource] : _bfunctions and assessments / _cJulianna M. Moretti and Karen J. Chordstron, editors. |
| 260 |
_aNew York : _bNova Science Publishers, Inc., _cc2011. |
||
| 300 |
_axvii, 256 p. : _bill. (some col.). |
||
| 490 | 1 | _aAmerican political, economic, and security issues series | |
| 504 | _aIncludes bibliographical references and index. | ||
| 533 |
_aElectronic reproduction. _bPalo Alto, Calif. : _cebrary, _d2013. _nAvailable via World Wide Web. _nAccess may be limited to ebrary affiliated libraries. |
||
| 651 | 0 |
_aUnited States _xEconomic policy _y21st century. |
|
| 651 | 0 |
_aUnited States _xSocial policy _y21st century. |
|
| 651 | 0 |
_aUnited States _xForeign relations _y21st century. |
|
| 651 | 0 |
_aUnited States _xPolitics and government _y21st century. |
|
| 655 | 7 |
_aElectronic books. _2local |
|
| 700 | 1 | _aMoretti, Julianna M. | |
| 700 | 1 | _aChordstron, Karen J. | |
| 710 | 2 | _aebrary, Inc. | |
| 830 | 0 | _aAmerican political, economic, and security issues series. | |
| 856 | 4 | 0 |
_uhttp://site.ebrary.com/lib/rucke/Doc?id=10683055 _zAn electronic book accessible through the World Wide Web; click to view |
| 999 |
_c32381 _d32381 |
||